00824nam a2200193 i 450000100060000000300090000600500170001500700030003200800410003510000340007624501830011026000680029330000520036165000340041370000230044785200220047099900170049295201210050931770ES-MaACL20230906154435.0t|030130s1957 sp ||||1| spa d1 aBaumgarten, Franziska.92659510aExámenes de aptitud profesional b: teoría y práctica / cpor Franziska Baumgarten ; traducción española revisada y puesta al día con la colaboración de J. Germain. aBarcelona : bLabor, c1957 (fTalls. Gráfs. Iberoamericanos) aXII, 722 p. : bil., 2 gráf. pleg. ; c22 cm. aTests psicotécnicos.9175201 aGermain, J.956467 aES-MaACLjC-12874 c31770d31770 00104070aATENEOMbATENEOMcSPALd2008-01-17eSCl0oC-12874p1032846r2023-02-23 00:00:00w2023-02-23yMONOGRAFIA